The Pentateuch as narrative : (Record no. 8265)

MARC details
000 -LEADER
fixed length control field 01069pam a2200289 a 4500
001 - CONTROL NUMBER
control field 1544941
003 - CONTROL NUMBER IDENTIFIER
control field GBCCL
005 - DATE AND TIME OF LATEST TRANSACTION
control field 20241126110647.0
008 - FIXED-LENGTH DATA ELEMENTS--GENERAL INFORMATION
fixed length control field 911220s1992 miuab b 000 0 eng
010 ## -
-- 91047604
020 ## - INTERNATIONAL STANDARD BOOK NUMBER
International Standard Book Number 031057420X (alk. paper)
040 ## - CATALOGING SOURCE
Original cataloging agency DLC
Transcribing agency DLC
Modifying agency DLC
050 00 -
-- BS1225.3
-- .S235 1992
082 00 - DEWEY DECIMAL CLASSIFICATION NUMBER
Classification number 222.107
Edition information 20
Item number SAI
100 1# - MAIN ENTRY--PERSONAL NAME
Personal name Sailhamer, John.
9 (RLIN) 14385
245 14 - TITLE STATEMENT
Title The Pentateuch as narrative :
Remainder of title a biblical-theological commentary /
Statement of responsibility, etc. John H. Sailhamer.
260 ## - PUBLICATION, DISTRIBUTION, ETC.
Place of publication, distribution, etc. Grand Rapids, Mich. :
Name of publisher, distributor, etc. Zondervan,
Date of publication, distribution, etc. c1992.
300 ## - PHYSICAL DESCRIPTION
Extent xxi, 522 p. :
Other physical details ill., map ;
Dimensions 24 cm.
440 #0 - SERIES STATEMENT/ADDED ENTRY--TITLE
Title [Library of Biblical interpretation]
9 (RLIN) 14386
500 ## - GENERAL NOTE
General note Series statement from jacket.
504 ## - BIBLIOGRAPHY, ETC. NOTE
Bibliography, etc. note Includes bibliographical references (p. 517-522).
630 00 - SUBJECT ADDED ENTRY--UNIFORM TITLE
Uniform title Bible.
Name of part/section of a work Pentateuch
General subdivision Commentaries.
9 (RLIN) 14387
650 #0 - SUBJECT ADDED ENTRY--TOPICAL TERM
Topical term or geographic name entry element Narration in the Bible.
9 (RLIN) 14388
906 ## - LOCAL DATA ELEMENT F, LDF (RLIN)
a 7
b cbc
c orignew
d 1
e ocip
f 19
g y-gencatlg
942 ## - ADDED ENTRY ELEMENTS (KOHA)
Source of classification or shelving scheme Dewey Decimal Classification
Koha item type Books
Koha issues (borrowed), all copies 19
Holdings
Withdrawn status Lost status Source of classification or shelving scheme Damaged status Not for loan Home library Current Library Shelving location Date acquired Source of acquisition Cost, normal purchase price Total checkouts Total renewals Full call number Barcode Date last seen Date last checked out Copy number Cost, replacement price Price effective from Koha item type
    Dewey Decimal Classification     GRACE BIBLE COLLEGE GRACE BIBLE COLLEGE Biblical Studies 2019-10-24 1 1547.00 22 1 222.107 SAI 013690 2026-02-18 2026-02-13 c.1 1547.00 2019-10-24 Books
© Grace Bible College Library 2025